000 01077nam a2200289 a 4500
999 _c722
_d722
001 722
003 BD-JhCC
005 20220814134022.0
008 171009s2005 nynann | z1 1 eng d
020 _a9780060594893
020 _a006059896
035 _a(BD-JhCC) 722
040 _aBD-JhCC
_dBD-JhCC
041 _aeng
082 _223
_a158
_bCAN 2005
100 1 _aCanfield, Jack,
_d1944-
245 1 4 _aThe success principles :
_bHow to Get from Where You Are to Where You Want to Be /
_cJack Canfield with Janet Switzer.
260 _aNew York :
_bHarper Collins,
_cc2005.
300 _a xxxiii, 473 pages :
_bill ;
_c23 cm.
500 _aIncludes Index
520 _aA self-improvement guide for business professionals, teachers, students, parents, or anyone interested in promoting themselves within today's success-oriented culture shares sixty-four principles on how to reach desired goals.
650 0 _aSuccess
_xPsychological aspects
650 0 _aSelf-actualization (Psychology)
700 1 _aSwitzer, Janet,
_d1953-
942 _2ddc
_cBK
_015